000 00505nam a2200169Ia 4500
008 230917s9999||||xx |||||||||||||| ||und||
020 _cRS850
040 _e233806
_aMAIN
041 _aEnglish
082 _a616.890082 D271G
100 _aDavar, Bhargavi V, ed.
245 0 _aGendering mental health knowledges, identities and institutions
260 _aNew Delhi
_bOxford University Press
_c2015
300 _axii, 236 p.
500 _a2360 31/08/2016 HBD16/6660 23/09/2016 Main Budget
942 _cBK
999 _c19017
_d19017